[Event "Medellin Aristizabal Cup"]
[Site "Medellin"]
[Date "2022.07.09"]
[Round "2"]
[White "Narvaez Berrio, Alexander"]
[Black "Diaz, Pablo"]
[Result "0-1"]
[WhiteElo "1352"]
[BlackElo "1574"]
[PlyCount "98"]
[EventDate "2022.07.08"]
[EventType "swiss"]
[EventRounds "7"]
[EventCountry "COL"]
[SourceTitle "CBM 209 Extra"]
[Source "ChessBase"]
[SourceDate "2022.09.30"]
[SourceVersion "1"]
[SourceVersionDate "2022.09.30"]
[SourceQuality "1"]

1. d4 d5 2. Bf4 Nf6 3. e3 e6 4. Nd2 Bd6 5. Bg3 c5 6. c3 Qc7 7. f4 Nbd7 8. Ngf3 cxd4 9. cxd4 Qb6 10. Qc2 Ng4 11. Bf2 Nxf2 12. Kxf2 Nf6 13. h3 Bd7 14. Ne5 Bb5 15. Qb3 Bxf1 16. Qxb6 axb6 17. Rhxf1 Bb4 18. Ndf3 Ne4+ 19. Kg1 f6 20. Nd3 Bd6 21. a3 Kd7 22. Rac1 Rhc8 23. Rxc8 Rxc8 24. Rc1 Rxc1+ 25. Nxc1 Kc6 26. Kf1 Kb5 27. Ke2 Ka4 28. Nd2 e5 29. Nxe4 dxe4 30. g3 exd4 31. exd4 b5 32. Ke3 f5 33. g4 g6 34. Na2 b4 35. axb4 Kb3 36. Nc3 Kxb2 37. Nd5 Kb3 38. gxf5 gxf5 39. b5 Kc2 40. Nf6 Kd1 41. Nxe4 fxe4 42. Kxe4 Kd2 43. f5 Kc3 44. f6 Kc4 45. b6 Kb5 46. Kd5 Bf8 47. Ke6 Kxb6 48. d5 Kc7 49. f7 b5 0-1

[Event "Medellin U2000 op"]
[Site "Medellin"]
[Date "2022.05.22"]
[Round "6"]
[White "Restrepo, Hugo"]
[Black "Narvaez Berrio, Alexander"]
[Result "1/2-1/2"]
[WhiteElo "1683"]
[BlackElo "1352"]
[PlyCount "71"]
[EventDate "2022.05.18"]
[EventType "swiss"]
[EventRounds "7"]
[EventCountry "COL"]
[SourceTitle "CBM 208 Extra"]
[Source "ChessBase"]
[SourceDate "2022.07.31"]
[SourceVersion "1"]
[SourceVersionDate "2022.07.31"]
[SourceQuality "1"]

1. e4 c6 2. d4 d5 3. Nc3 dxe4 4. Nxe4 Bf5 5. Ng3 Bg6 6. h4 h6 7. Nf3 Nd7 8. h5 Bh7 9. Bd3 Bxd3 10. Qxd3 e6 11. Bf4 Ngf6 12. 0-0-0 Be7 13. Kb1 Qa5 14. Rhe1 Nd5 15. Bd2 Qb6 16. a3 0-0-0 17. c4 Nc7 18. Ne4 Qa6 19. Qb3 f5 20. Nc3 Nb6 21. Ne5 Rxd4 22. Be3 Rxd1+ 23. Rxd1 Rd8 24. Rxd8+ Bxd8 25. Qd1 Bf6 26. Bxb6 Bxe5 27. Bd4 Bxd4 28. Qxd4 e5 29. Qxe5 Qxc4 30. Qxf5+ Ne6 31. Kc2 Kd8 32. Qa5+ b6 33. Qxa7 Nd4+ 34. Kd2 Nb3+ 35. Kc2 Na1+ 36. Kc1 1/2-1/2

[Event "Medellin U2000 op"]
[Site "Medellin"]
[Date "2022.05.20"]
[Round "3"]
[White "Rojas Puerta, Miguel Angel"]
[Black "Narvaez Berrio, Alexander"]
[Result "1/2-1/2"]
[WhiteElo "1368"]
[BlackElo "1352"]
[PlyCount "53"]
[EventDate "2022.05.18"]
[EventType "swiss"]
[EventRounds "7"]
[EventCountry "COL"]
[SourceTitle "CBM 208 Extra"]
[Source "ChessBase"]
[SourceDate "2022.07.31"]
[SourceVersion "1"]
[SourceVersionDate "2022.07.31"]
[SourceQuality "1"]

1. Nf3 e6 2. e3 d5 3. b3 Nf6 4. Bb2 c5 5. Be2 Be7 6. 0-0 0-0 7. d3 Nc6 8. Nbd2 b6 9. a4 a5 10. Ne5 Bb7 11. f4 Nxe5 12. fxe5 Ne8 13. Bg4 Qd7 14. Qe1 f5 15. exf6 Bxf6 16. Bxf6 Nxf6 17. Bf3 Rae8 18. e4 e5 19. exd5 Bxd5 20. Bxd5+ Qxd5 21. Qe3 Ng4 22. Qe4 Rxf1+ 23. Rxf1 Qd4+ 24. Qxd4 exd4 25. Ne4 Ne3 26. Rc1 h6 27. h3 1/2-1/2

[Event "Medellin Antioquia 2nd League"]
[Site "Medellin"]
[Date "2021.??.??"]
[Round "4"]
[White "Builes Palacio, Santiago"]
[Black "Narvaez Berrio, Alexander"]
[Result "1-0"]
[WhiteElo "1891"]
[BlackElo "1379"]
[PlyCount "54"]
[EventDate "2021.08.31"]
[EventType "swiss"]
[EventRounds "7"]
[EventCountry "COL"]
[SourceTitle "CBM 204 Extra"]
[Source "ChessBase"]
[SourceDate "2021.11.30"]
[SourceVersion "1"]
[SourceVersionDate "2021.11.30"]
[SourceQuality "1"]

1. Nf3 c5 2. b4 cxb4 3. a3 a6 4. e4 e6 5. axb4 Bxb4 6. c3 Bf8 7. e5 d5 8. d4 Nc6 9. Ba3 Bxa3 10. Nxa3 Bd7 11. Bd3 Nge7 12. 0-0 0-0 13. Bc2 h6 14. Qd3 Ng6 15. h4 Re8 16. h5 Nf8 17. g4 f6 18. Kh1 Na5 19. Rg1 Rc8 20. exf6 Qxf6 21. g5 Qf4 22. Rg2 Qf7 23. Rag1 Qf4 24. Rg4 Qd6 25. gxh6 Re7 26. Rxg7+ Rxg7 27. Rxg7+ Kh8 1-0

[Event "Medellin Antioquia 2nd League"]
[Site "Medellin"]
[Date "2021.??.??"]
[Round "2"]
[White "Narvaez Berrio, Alexander"]
[Black "Cuervo Velasquez, Juan Manuel"]
[Result "0-1"]
[WhiteElo "1379"]
[BlackElo "1189"]
[PlyCount "68"]
[EventDate "2021.08.31"]
[EventType "swiss"]
[EventRounds "7"]
[EventCountry "COL"]
[SourceTitle "CBM 204 Extra"]
[Source "ChessBase"]
[SourceDate "2021.11.30"]
[SourceVersion "1"]
[SourceVersionDate "2021.11.30"]
[SourceQuality "1"]

1. d4 Nf6 2. Bf4 g6 3. Nf3 Bg7 4. e3 0-0 5. h3 d6 6. Nbd2 Nbd7 7. c3 Qe8 8. Be2 e5 9. Bg3 b6 10. 0-0 Nh5 11. Bh2 f5 12. Nb3 Bb7 13. Re1 Rd8 14. Nfd2 Nhf6 15. Qc2 Ne4 16. Bf3 Ndf6 17. Rad1 Kh8 18. Nxe4 fxe4 19. Be2 Nd7 20. d5 Qf7 21. Rf1 Bxd5 22. c4 Bb7 23. Bg3 a5 24. Nd2 Nc5 25. a3 a4 26. Nb1 d5 27. cxd5 Bxd5 28. Qc3 Qe7 29. Nd2 Nd3 30. Nxe4 Bxe4 31. Bxd3 Bxd3 32. Rxd3 e4 33. Qxc7 Qxc7 34. Bxc7 Rxd3 0-1

[Event "Medellin Aristizabal Cup"]
[Site "Medellin"]
[Date "2019.01.25"]
[Round "4"]
[White "Narvaez Berrio, Alexander"]
[Black "Morales, Luis Eduardo"]
[Result "0-1"]
[WhiteElo "1456"]
[BlackElo "1759"]
[PlyCount "56"]
[EventDate "2019.01.24"]
[EventType "swiss"]
[EventRounds "7"]
[EventCountry "COL"]
[SourceTitle "EXT 2020"]
[Source "ChessBase"]
[SourceDate "2019.10.17"]
[SourceVersion "1"]
[SourceVersionDate "2019.10.17"]
[SourceQuality "1"]

1. d4 d5 2. Nf3 Nf6 3. Bf4 Bf5 4. e3 e6 5. Nbd2 Bd6 6. Bg3 c5 7. c3 Nc6 8. Be2 c4 9. Nh4 Bg6 10. Nxg6 hxg6 11. Qc2 Bxg3 12. fxg3 e5 13. 0-0-0 e4 14. h4 Qd7 15. b3 b5 16. Nf1 a5 17. Qd2 Qd6 18. g4 g5 19. h5 a4 20. b4 g6 21. Kc2 Qe6 22. Nh2 gxh5 23. gxh5 g4 24. Rdg1 Ke7 25. Qd1 Rag8 26. Nf1 Rxh5 27. Rxh5 Nxh5 28. g3 f5 0-1

[Event "Medellin Segunda Antioquia op"]
[Site "Medellin"]
[Date "2016.04.14"]
[Round "2.17"]
[White "Toro Castaneda, Miguel Angel"]
[Black "Narvaez Berrio, Alexander"]
[Result "0-1"]
[WhiteElo "1622"]
[BlackElo "1589"]
[PlyCount "64"]
[EventDate "2016.04.13"]
[EventType "swiss"]
[EventRounds "7"]
[EventCountry "COL"]
[SourceTitle "EXT 2024"]
[Source "ChessBase"]
[SourceDate "2023.10.10"]
[SourceVersion "1"]
[SourceVersionDate "2023.10.10"]
[SourceQuality "1"]

1. e4 c5 2. Nf3 e6 3. d4 cxd4 4. Nxd4 Nc6 5. Nxc6 bxc6 6. Bd3 d6 7. 0-0 Nf6 8. c4 Be7 9. Nc3 e5 10. Bd2 0-0 11. Qe2 Re8 12. Rae1 Bg4 13. f3 Bc8 14. Kh1 h6 15. Qf2 Nh7 16. f4 exf4 17. Bxf4 Be6 18. Qc2 Bh4 19. g3 Bg5 20. e5 f5 21. Bxg5 Nxg5 22. Bxf5 Bxc4 23. Rf4 d5 24. b3 Ba6 25. Na4 Qa5 26. Re3 d4 27. Rxd4 Rxe5 28. Qxc6 Rae8 29. Qxe8+ Rxe8 30. Rxe8+ Kf7 31. Re3 Bb7+ 32. Kg1 Nf3+ 0-1